BIENARTE 99 (Record no. 838)
[ view plain ]
| 000 -LEADER | |
|---|---|
| campo de control de longitud fija | 00657nam a22001697a 4500 |
| 008 - DATOS DE LONGITUD FIJA--INFORMACIÓN GENERAL | |
| campo de control de longitud fija | 160127b xxu||||| |||| 00| 0 eng d |
| 082 ## - NÚMERO DE LA CLASIFICACIÓN DECIMAL DEWEY | |
| Número de clasificación | 709.972.86 |
| Número de ítem | B588b |
| 110 ## - ENTRADA PRINCIPAL--NOMBRE DE ENTIDAD CORPORATIVA | |
| Nombre de entidad corporativa o nombre de jurisdicción como elemento de entrada | BIENARTE |
| 9 (RLIN) | 4583 |
| 245 ## - MENCIÓN DEL TÍTULO | |
| Título | BIENARTE 99 |
| Mención de responsabilidad, etc. | Garza, Virgilio; Hutchinson, Isabella; Mosquera, Gerardo. |
| 260 ## - PUBLICACIÓN, DISTRIBUCIÓN, ETC. | |
| Lugar de publicación, distribución, etc. | San José, Costa Rica |
| Nombre del editor, distribuidor, etc. | MRM Soluciones Graficas S.A / Empresarios por el arte |
| Fecha de publicación, distribución, etc. | 1999 |
| 300 ## - DESCRIPCIÓN FÍSICA | |
| Extensión | 25 p |
| Otras características físicas | ill; Col |
| Dimensiones | 21 cm |
| 650 ## - PUNTO DE ACCESO ADICIONAL DE MATERIA--TÉRMINO DE MATERIA | |
| Término de materia o nombre geográfico como elemento de entrada | Bienarte 99 |
| Subdivisión de forma | Arte Costarricense |
| Subdivisión general | Exhibiciones |
| Subdivisión cronológica | 1999 |
| Subdivisión geográfica | San José, Costa Rica |
| 9 (RLIN) | 4584 |
| 700 ## - ENTRADA AGREGADA--NOMBRE PERSONAL | |
| Nombre de persona | Garza, Virgilio |
| 9 (RLIN) | 4585 |
| 700 ## - ENTRADA AGREGADA--NOMBRE PERSONAL | |
| Nombre de persona | Hutchinson, Isabella |
| 9 (RLIN) | 4586 |
| 700 ## - ENTRADA AGREGADA--NOMBRE PERSONAL | |
| Nombre de persona | Mosquera, Gerardo. |
| 9 (RLIN) | 1487 |
| 700 ## - ENTRADA AGREGADA--NOMBRE PERSONAL | |
| Nombre de persona | Zurcher, Ronald |
| 9 (RLIN) | 4587 |
| Estatus retirado | Estado de pérdida | Fuente del sistema de clasificación o colocación | Estado de daño | No para préstamo | Biblioteca de origen | Biblioteca actual | Ubicación en estantería | Fecha de adquisición | Total de préstamos | Signatura topográfica completa | Código de barras | Visto por última vez | Precio de reemplazo | Tipo de ítem Koha |
|---|---|---|---|---|---|---|---|---|---|---|---|---|---|---|
| Clasificación Decimal Dewey | Biblioteca LadoV | Biblioteca LadoV | 27/01/2016 | 709.972.86 B588b | 001842 | 27/01/2016 | 27/01/2016 | Material 01 |
